000 00594nam a2200181Ia 4500
008 090124s9999 xx 000 0 und d
082 _b27137
100 _aघारे दीपक
245 _a चिं. त्र्यं. खोनोलकर
250 _a1
260 _bग्रंथाली प्रकाशन
_c1988
300 _a194
600 _aघारे दीपक
630 _a चिं. त्र्यं. खोनोलकर
700 _aघारे दीपक
730 _a चिं. त्र्यं. खोनोलकर
942 _cBOOK
999 _c94300
_d94300